Object-oriented system development (Record no. 33130)

MARC details
000 -LEADER
fixed length control field 00498nam a2200181Ia 4500
020 ## - INTERNATIONAL STANDARD BOOK NUMBER
ISBN 020156355X
050 ## - CALL MARK
Classification number QA 76.64 .D43/
100 ## - STATEMENT OF RESPONSIBILITY--MAIN AUTHOR NAME
Personal name De Champeaux, Dennis.
245 #0 - TITLE STATEMENT
Title Object-oriented system development
260 ## - PUBLICATION, DISTRIBUTION, ETC. (IMPRINT)
Place of publication Reading
260 ## - PUBLICATION, DISTRIBUTION, ETC. (IMPRINT)
Name of publisher Addison-Wesley
260 ## - PUBLICATION, DISTRIBUTION, ETC. (IMPRINT)
Year of publication c1993
300 ## - PHYSICAL DESCRIPTION
Number of Pages 532 p
650 ## - SUBJECT ADDED ENTRY--TOPICAL TERM
Topical Term Object-oriented programming (Computer science). Computer software_Development.
942 ## - ADDED ENTRY ELEMENTS (KOHA)
Koha item type Books
Holdings
Withdrawn status Lost status Source of classification or shelving scheme Damaged status Not for loan Permanent Location Current Location Date acquired Accession Number Price effective from Koha item type
    Library of Congress Classification     NILE UNIVERSITY OF NIGERIA - MAIN LIBRARY NILE UNIVERSITY OF NIGERIA - MAIN LIBRARY 04/23/2025 0010494 04/23/2025 Books